| 000 | 00959nam a22002657a 4500 | ||
|---|---|---|---|
| 005 | 20110312154327.0 | ||
| 008 | 110312t xxu||||| |||| 00| 0 eng d | ||
| 010 | _aB-422624 | ||
| 020 |
_a8121930960 _c425.00 |
||
| 037 |
_aUBH _bRP/BL-4 |
||
| 040 | _aDPL | ||
| 050 | _a657 | ||
| 082 | _a657 | ||
| 100 |
_aTulsian,P.C _926516 |
||
| 245 |
_aAccountancy for CA-PCC/IPCC _bPart-1 _cP.C.Tulsian |
||
| 250 | _a2nd ed.(revised) | ||
| 260 |
_aNew Delhi _bS.Chand & Company Ltd _c2009 |
||
| 270 |
_a7361,Ram Nagar _bDelhi _e110055 |
||
| 300 |
_ad _bxiii,3.14,4.91,5.124,6..15.153,T.48 _c24cm(pbk) |
||
| 505 | _aPart-1 | ||
| 700 |
_aTulsian,P.C _926517 |
||
| 942 |
_2ddc _cEN _h657 _mTUL |
||
| 999 |
_c51033 _d51033 |
||